La Casa de la Vila, seu i símbol del poder local
ISBN:
84-7794-572-1
Descripción Física:
203 p. : principalment il., col. ; 31 cm
MARC
| LEADER | 00000nam a2200000Ia 4500 | ||
|---|---|---|---|
| 001 | 12101 | ||
| 008 | 160829s1998 xx 000 0 cat d | ||
| 020 | |a 84-7794-572-1 | ||
| 080 | |a FOL-1-67 | ||
| 245 | |a La Casa de la Vila, seu i símbol del poder local | ||
| 260 | |a Barcelona : |b Diputació de Barcelona, |c 1998 | ||
| 300 | |a 203 p. : |b principalment il., col. ; |c 31 cm | ||
| 650 | 0 | |a Edificis municipals |9 21438 | |
| 650 | 0 | |a Municipis |x Govern i administració |9 22275 | |
| 710 | 1 | |a Barcelona (Catalunya : Província). |b Diputació |9 52408 | |
| 901 | |a Arxiu | ||
| 942 | |n 1 | ||
| 952 | |0 0 |1 0 |4 0 |6 FOL167 |7 1 |9 43451 |a Arxiu |b Arxiu |d 2016-12-01 |l 0 |o FOL-1-67 |p 12101 |r 2016-12-01 00:00:00 |w 2016-12-01 |y ARXIU | ||
| 999 | |c 45997 |d 45997 | ||